Movies Quiz

Random Movies or Actress Quiz

Iconic Movie Dresses: Green, Yellow, Orange, and Brown Quiz Stats

Quiz Updated Sep 30, 2017

Score 0/16 Timer 05:00
71 Plays Today
Hint Movie % Correct
Beauty and the Beast
94.4%
The Princess and the Frog
81.7%
Pretty Woman
74.3%
Dreamgirls
63.6%
The Birds
61.1%
Star Wars: Episode I - The Phantom Menace
57.6%
Titanic
57.4%
Pride and Prejudice
53.7%
Hint Movie % Correct
Gone with the Wind
51.7%
Atonement
44.5%
Gentlemen Prefer Blondes
40.8%
Cold Mountain
34.9%
Gladiator
16.3%
An Affair to Remember
13.5%
Walk of Shame
11.4%
Funny Face
10.3%

You're not logged in!

Compare scores with friends on all Sporcle quizzes.
Sign Up with Email
OR
Log In

You Might Also Like...

Show Comments

Extras

Top Quizzes Today


Score Distribution

Your Account Isn't Verified!

In order to create a playlist on Sporcle, you need to verify the email address you used during registration. Go to your Sporcle Settings to finish the process.

Report this User

Report this user for behavior that violates our Community Guidelines.

Details: